Vznik prevádzkarne z pohľadu dane z pridanej hodnoty a jej dopad na zdanenie transakcií diplomová práca

Na minha lista:
Detalhes bibliográficos
Autor principal: Malá, Silvia
Autor Corporativo: Národohospodárska fakulta EU. Katedra financií
Outros Autores: Rabatinová, Marcela, 1977-
Formato: Livro
Idioma:eslovaco
Publicado em: Bratislava 2011
Tags: Adicionar Tag
Sem tags, seja o primeiro a adicionar uma tag!

MARC

LEADER 00000nbm a2200000 4500
001 0142269
005 20161109102003.5
041 0 |a slo 
044 |a SK 
245 1 0 |a Vznik prevádzkarne z pohľadu dane z pridanej hodnoty a jej dopad na zdanenie transakcií  |b diplomová práca  |c Silvia Malá ; školiteľ: Marcela Rabatinová 
264 1 |a Bratislava  |c 2011 
300 |a 62 s. 
100 1 |a Malá, Silvia 
700 1 |a Rabatinová, Marcela, 1977- 
710 2 |a Národohospodárska fakulta EU. Katedra financií